000 01061nam a22002537a 4500
005 20170124103100.0
010 _aA-952130
020 _c100.00
035 _aA-952130
037 _bCen Lib/Ret
040 _aDPL
_bHN
082 _a920
_bक्षेमच
100 _aक्षेमचन्द्र
_945600
245 _aभारत के कर्णधार :
_cक्षेमचन्द्र
_bजीवनी-संग्रह /
246 _aBharat ke karndhar : jeevani-sangreh /
_bby Shemchandra
260 _aदिल्ली
_bकवि सभा
_c1996
270 _bदिल्ली
_a30/106, गली नं.7, विश्वास नगर, शाहदरा
_e110032
300 _a112पृ.
_c20सेमी(सजिल्द)
650 _aहिन्दी -- साहित्य
_976651
650 _aहिन्दी -- जीवनियाँ
_976652
650 _aHindi literature
_976653
650 _aHindi - Biographies
_976654
942 _2ddc
_cHN
_h920
_mक्षेमच
999 _c117754
_d117754